000 00396nam a2200133Ia 4500
008 170516s9999 xx 000 0 und d
245 2 _aA Phosphorus Phthalocyanine Formulation with Intense Absorbance at 1000 nm for Deep Optical Imaging
260 _bTheranostics
260 _c2016
300 _a6:5
650 _xMedical Technology
650 _xMedtech
856 _uhttp://www.thno.org/v6i5
999 _c329930
_d329930